Management Accounting Official Terminology (Record no. 33557)

MARC details
000 -LEADER
fixed length control field 00416nam a22001577a 4500
005 - DATE AND TIME OF LATEST TRANSACTION
control field 20230921103454.0
008 - FIXED-LENGTH DATA ELEMENTS--GENERAL INFORMATION
fixed length control field 230914b |||||||| |||| 00| 0 eng d
020 ## - INTERNATIONAL STANDARD BOOK NUMBER
ISBN 9788176492874
082 ## - DEWEY DECIMAL CLASSIFICATION NUMBER
Classification number 658.1511
Item number MAN
245 ## - TITLE STATEMENT
Title Management Accounting Official Terminology
Statement of responsibility, etc. CIMA
260 ## - PUBLICATION, DISTRIBUTION, ETC.
Place of Publication India
Name of publisher, distributor, etc. Viva Books Private Limited
Date of publication, distribution, etc. 2002
300 ## - PHYSICAL DESCRIPTION
Pages 143
500 ## - GENERAL NOTE
General note Inclined Index
650 ## - SUBJECT ADDED ENTRY--TOPICAL TERM
Subject / Department Management
952 ## - LOCATION AND ITEM INFORMATION (KOHA)
-- 0
-- 0
Holdings
Lost status Damaged status Permanent Location Current Location Shelving Location Date acquired Full Call Number Accession No./Barcode Date last seen item type
    Superior Information Resource Center (SIRC) Superior University- Main Campus Superior Information Resource Center (SIRC) Superior University- Main Campus management 09/14/2023 658.1511 MAN 2002 20438 09/14/2023 BOOK

Powered by Koha